000 02213nam0a2200445 4500
001 RU\NLR\bibl\1705374
005 20260405220557.0
010 _a978-5-7925-0267-3
_9200
021 _aRU
_b2010-83837
_95594
035 _a(nilc)RSL-KNO-004800254
035 _a(NLR Aleph) 001696429
090 _a1193009
_c1193009
100 _a20101101d2010 |||y0rusy50 ca
101 0 _arus
_deng
_eeng
_erus
102 _aRU
105 _aa |||||||||
200 1 _aУрбанофлора города Улан-Удэ
_dThe urbanflora of Ulan-Ude city
_fА.В. Суткин
_gотв. ред. д.б.н., проф. Т.А. Терехина
_g[Рос. акад. наук, Сиб. отд-ние, Ин-т общ. и эксперим. биологии]
_zeng
210 _aУлан-Удэ
_cИзд-во Бурятского научного центра СО РАН
_d2010
215 _a140, [1] с., [2] л. цв. ил
_cил.
_d21
300 _aАвт. также на англ. яз.: A.V. Sutkin
300 _aНа 4-й с. обл. авт.: А.В. Суткин, к.б.н.
300 _aРез. на англ. яз.
320 _aБиблиогр.: с. 106-115
320 _aУказ. рус. назв. растений: с. 118-126
320 _aУказ. лат. назв. растений: с. 127-137
510 0 _6z77790
_aUrbanflora of Ulan-Ude city
_zeng
606 1 _aРастения
_xВлияние антропических факторов
_yУлан-Удэ, город (Бурятия)
_92617266
_3RU\NLR\auth\661553826
606 1 _aСинантропные растения
_yУлан-Удэ, город (Бурятия)
_92617267
_3RU\NLR\auth\661553827
610 0 _aфлора города Улан-Удэ
610 0 _aурбанофлора
686 _aЕ585.9(2Р54-6Бу),0
_2rubbk
686 _aЕ581.4(2Р54-6Бу)
700 1 _4070
_7ca
_8rus
_aСуткин
_bА. В.
_gАлексей Валерьевич
_981900
_3RU\NLR\auth\7798974
790 1 _4070
_7ba
_8rus
_aSutkin
_bA. V.
_gAleksej Valer'evič
_981901
_3RU\NLR\auth\7798975
801 0 _aRU
_bRuMoRKP
_c20101101
_grcr
801 1 _aRU
_bRuMoRGB
_c20101101
801 2 _aRU
_bNLR
_c20101124
_grcr
942 _cBOOK
980 _aNB